Logo BPK

Biblioteka

Politechniki Koszalińskiej

Komentarz do kodeksu postępowania cywilnego. (Rekord nr 39761)

Szczegóły MARC
000 -ETYKIETA REKORDU
podpole kontrolne o stałej długości 00847nam a2200229 i 4500
001 - NUMER KONTROLNY REKORDU
pole kontrolne bg
020 ## - MIĘDZYNARODOWY ZNORMALIZOWANY NUMER KSIĄŻKI - ISBN
ISBN 832191070X (t. 1)
040 ## - ŹRÓDŁO KATALOGOWANIA
Instytucja, która utworzyła rekord BPK
041 0# - KOD JĘZYKA
Kod języka tekstu pl
080 ## - UNIWERSALNA KLASYFIKACJA DZIESIĘTNA - UKD
UKD 347.91/.95(438)
920 ## - Międzynarodowy znormalizowany numer książki – ISBN
ISBN 83-219-1070-X (t. 1)
008 - POLE O STAŁEJ DŁUGOŚCI - DANE KONTROLNE
podpole kontrolne o stałej długości s pl f |000 0 pol
100 1# - NAZWA OSOBOWA
Nazwa osobowa ERECIŃSKI, Tadeusz
Daty związane z nazwą (1946- ).
245 10 - TYTUŁ/ODPOWIEDZIALNOŚĆ
Tytuł Komentarz do kodeksu postępowania cywilnego.
Oznaczenie części/sekcji dzieła Cz. 1,
Tytuł części/sekcji dzieła Postępowanie rozpoznawcze /
Pozostałe elementy strefy tytułu i oznaczenia odpowiedzialności Tadeusz Ereciński, Jacek Gudowski, Maria Jędrzejewska ; pod red. Tadeusza Erecińskiego.
250 ## - STREFA WYDANIA
Oznaczenie wydania Wyd. 3 zm., rozsz. i uaktual., wg stanu prawnego na dzień 31 października 2000 r.
260 ## - STREFA ADRESU WYDAWNICZEGO
Miejsce wydania Warszawa :
Nazwa wydawcy/dystrybutora Wydaw. Prawnicze,
Data publikacji, dystrybucji/powstania dokumentu 2001.
300 ## - STREFA OPISU FIZYCZNEGO
Objętość 1020, [4] s. ;
Rozmiary 25 cm.
650 #9 - HASŁO PRZEDMIOTOWE W FORMIE NAZWY OGÓLNEJ LUB JEDNOSTKOWEJ
Nazwa ogólna lub geograficzna Postępowanie cywilne
Określnik geograficzny Polska
Określnik chronologiczny stan na 2000 r.
700 1# - HASŁO DODATKOWE - NAZWA OSOBOWA
Nazwa osobowa GUDOWSKI, Jacek
700 1# - HASŁO DODATKOWE - NAZWA OSOBOWA
Nazwa osobowa JĘDRZEJEWSKA, Maria
856 ## - LOKALIZACJA I DOSTĘP DO ELEKTRONICZNYCH DOKUMENTÓW ZDALNYCH
Link (URL) http://koha.tu.koszalin.pl/cgi-bin/koha/opac-detail.pl?biblionumber=39761
Tekst linku Katalog online BPK
942 ## - DODATKOWE ELEMENTY (KOHA)
Typ dokumentu Książka
Egzemplarze
Wycofany Status egzemplarza Uszkodzony Dostępność Lokalizacja stała Lokalizacja bieżąca Miejsce przechowywania Sygnatura Kod kreskowy Typ dokumentu
      Tylko na miejscu Biblioteka Politechniki Koszalińskiej Biblioteka Politechniki Koszalińskiej Czytelnia Wydziałowa ul. Kwiatkowskiego 6e 59486 01572193 Książka
© 2023 Biblioteka Politechniki Koszalińskiej :: KOHA